000 004750000a22001810004500
003 MACL
005 20151211152814.0
008 151211b xxu||||| |||| 00| 0 eng d
040 _aMACL
_cMACL
041 _aHindi
082 _a741.642
100 _aसंगीता
_919965
245 _aउपकार का ऋण
260 _bविज्ञान लोक
_c2002
350 _a60
650 _aचिल्‍डन बुक
_9314
942 _cHIN
_k741,642
_2ddc
999 _c9642
_d9642